| 000 | 00523nam a2200181Ia 4500 | ||
|---|---|---|---|
| 008 | 090630s9999 xx 000 0 und d | ||
| 082 | _b24769 | ||
| 100 | _aपै शिरीष. | ||
| 245 |
_aऊन सावली. _cपै शिरीष. |
||
| 260 | _bअक्षता - पुणे. | ||
| 300 | _a0 | ||
| 600 | _aपै शिरीष. | ||
| 630 | _aऊन सावली. | ||
| 655 | _aलघुकथा. | ||
| 700 | _aपै शिरीष. | ||
| 730 | _aऊन सावली. | ||
| 942 | _cBOOK | ||
| 999 |
_c276625 _d276625 |
||